|
|
|
|
| LEADER |
02239nam a2200577 a 4500 |
| 001 |
nkc20081828517 |
| 003 |
CZ PrNK |
| 005 |
20090710101825.0 |
| 007 |
ta |
| 008 |
081103s2008 xr ab f 000 0 eng |
| 015 |
|
|
|a cnb001828517
|
| 020 |
|
|
|a 978-80-86561-58-5
|q (Univerzita Karlova, Přírodovědecká fakulta ;
|q váz.)
|
| 020 |
|
|
|a 978-80-903587-8-2
|q (Karel Kupka - P3K ;
|q váz.)
|
| 035 |
|
|
|a (OCoLC)428364441
|
| 040 |
|
|
|a OLA001
|b cze
|
| 072 |
|
7 |
|a 91
|x Geografie jako věda. Výzkum. Cestování
|2 Konspekt
|9 7
|
| 080 |
|
|
|a 004.9:91
|2 MRF
|
| 080 |
|
|
|a 91:001.891
|2 MRF
|
| 080 |
|
|
|a [339.923+327](4)
|2 MRF
|
| 080 |
|
|
|a 504
|2 MRF
|
| 080 |
|
|
|a 316.423
|2 MRF
|
| 080 |
|
|
|a (062.552)
|2 MRF
|
| 080 |
|
|
|a (078.7)
|2 MRF
|
| 245 |
0 |
0 |
|a Evolution of geographical systems and risk processes in the global context /
|c edited by Petr Dostál
|
| 250 |
|
|
|a 1st ed.
|
| 260 |
|
|
|a Prague :
|b Charles University in Prague, Faculty of Science :
|b P3K,
|c 2008
|
| 300 |
|
|
|a 171 s. :
|b il. (některé barev.), mapy ;
|c 24 cm
|
| 500 |
|
|
|a 400 výt.
|
| 504 |
|
|
|a Obsahuje bibliografie
|
| 650 |
0 |
7 |
|a geografické informační systémy
|7 ph114617
|2 czenas
|
| 650 |
0 |
7 |
|a geografický výzkum
|7 ph139206
|2 czenas
|
| 650 |
0 |
7 |
|a evropská integrace
|7 ph137464
|2 czenas
|
| 650 |
0 |
7 |
|a environmentální rizika
|7 ph119962
|2 czenas
|
| 650 |
0 |
7 |
|a globální problémy
|7 ph114633
|2 czenas
|
| 650 |
0 |
9 |
|a geographical information systems
|2 eczenas
|
| 650 |
0 |
9 |
|a geographical research
|2 eczenas
|
| 650 |
0 |
9 |
|a European integration
|2 eczenas
|
| 650 |
0 |
9 |
|a environmental risk
|2 eczenas
|
| 650 |
0 |
9 |
|a global problems
|2 eczenas
|
| 655 |
|
7 |
|a sborníky
|7 fd724344
|2 czenas
|
| 655 |
|
7 |
|a případové studie
|7 fd133208
|2 czenas
|
| 655 |
|
9 |
|a papers
|2 eczenas
|
| 655 |
|
9 |
|a case studies
|2 eczenas
|
| 700 |
1 |
|
|a Dostál, Petr,
|d 1947-2021
|7 jn20000400517
|4 edt
|
| 856 |
4 |
1 |
|u http://www.digitalniknihovna.cz/mzk/uuid/uuid:9394dd70-d9f1-11e4-97af-005056827e51
|y Digitalizovaný dokument
|x NDK
|
| 910 |
2 |
|
|a BOA001
|b 2-1221.449
|
| 928 |
9 |
|
|a Univerzita Karlova, Přírodovědecká fakulta
|
| 990 |
|
|
|a BK
|
| 995 |
|
|
|a 01
|
| 991 |
|
|
|b 200904
|c NOV
|j 91 EVO
|
| 996 |
6 |
|
|b 2610374256
|c 2-1221.449
|l MZK
|r Sklad / do 1 hodiny
|n 0
|p p.v.
|w 000935264
|u 000010
|a 1
|e BOA001
|j MZK50
|s P
|